000 00784cam a2200277 i 4500
001 768714001
003 CO-MdBIC
005 20231201143648.0
008 231201t1977 -us||||| |||| 00| 0 eng d
020 _a0-930014-13-8
040 _bspa.
_aCO-MdFUSB
_cCO-MdFUSB
_dCO-MdFUSBC
_erda
041 _aspa
082 0 4 _aG 231.8 S9784f
100 1 _aSwindoll, Chuck
245 1 0 _aFor those who hurt / Chuck Swindoll
_c/
264 1 _aPortlan, Oregon, USA : Multnomah
_bMultnomah Press,
_c[1977]
264 4 _c©1977
300 _a48 Pag
_c;
336 _atexto
_btxt
_2rdacontent
337 _2rdamedia
_asin mediación
_bn
338 _2rdacarrier
_avolumen
_bnc
650 7 _aSufrimiento
_9281
650 7 _aDios
_9323
_xEnseñanza bíblica
942 _cBK
945 _ajohan1477
999 _c34519
_d34519